Quiz su Venezia - Statistics

Statistiche generali
  • Questo quiz è stato fatto 39 volte
  • Il punteggio medio è 12 su 16
Statistiche sulle risposte
Indizio Risposta % Corretto
Tipiche imbarcazioni veneziane Gondole
100%
Capoluogo di questa regione Veneto
97%
Compositore de "Le quattro stagioni" Antonio Vivaldi
95%
Viaggiatore veneziano che raccontò il suo viaggio in Cina nel "milione" Marco Polo
92%
Canale più famoso di Venezia Canal Grande
89%
Capo di governo della Repubblica di Venezia Doge
86%
Ponte più famoso di Venezia, che attraversa il canale sopra citato Ponte di Rialto
86%
Termine con cui veniva definita la Repubblica di Venezia Serenissima
86%
Premio consegnato alla Mostra del cinema Leone d'oro
84%
Insieme ad Amalfi, Pisa e Genova era una di queste Repubblica Marinara
84%
Ponte il cui nome nasce da un'azione compiuta dai detenuti che lo attraversavano mentre andavano al carcere Ponte dei sospiri
65%
Venezia è stata costruita su milioni di questi Pali di legno
59%
Nome con cui sono conosciute le vie di Venezia Calli
57%
Celebre seduttore che visse nel '700 Giacomo Casanova
54%
Maschera femminile veneziana della commedia dell'arte, oggetto delle attenzioni di Pantalone e della gelosia di Arlecchino Colombina
49%
Nome del marchio che negli anni '70 fece una pubblicità con dei piccioni in Piazza San Marco Coca-Cola
14%
Nessun quiz corrispondente trovato
Distribuzione punteggi
Percentuale di utenti per punteggio
Percentile per numero di risposta
I tuoi punteggi nel tempo
Non hai fatto questo quiz